LEADER 01414nam0 22003011i 450 001 UON00207733 005 20231205103321.293 010 $a02-625-8060-8 100 $a20030730d1983 |0itac50 ba 101 $aeng 102 $aGB 105 $a|||| ||||| 200 1 $aSyllable structure and stress in Spanish$eA nonlinear analysis$fM. James Harris 210 $aCambridge$aMassachusetts ; London$cMIT Press$d1983 215 $avii, 158 p.$d22 cm 410 1$1001UON00088138$12001 $aLinguistic Inquiry Monographs$fSamuel Jay Keyser general editor$v8 606 $aLingua spagnola$xProsodia$3UONC064218$2FI 606 $aLingua spagnola$xSillabazione$3UONC064217$2FI 620 $aUS$dCambridge (Mass.)$3UONL000262 676 $a461$cSistema di scrittura e fonologia dello spagnolo standard$v21 700 1$aHARRIS$bJames, W.$3UONV124818$0195648 712 $aMit Press$3UONV245937$4650 801 $aIT$bSOL$c20260213$gRICA 912 $aUON00207733 950 $aSIBA - SISTEMA BIBLIOTECARIO DI ATENEO E ARCHIVIO STORICO$dSI GLOTT AULA 1 ARM. 5 E 003 $eSI MC 10538 7 003 950 $aSIBA - SISTEMA BIBLIOTECARIO DI ATENEO E ARCHIVIO STORICO$dSI PHON 0328 $eSI EO 14001 5 0328 996 $aSyllable structure and stress in Spanish$91258322 997 $aUNIOR